Filmfare Awards - Best Actor Quiz - Statistics

General Stats
  • This quiz has been taken 57 times
  • The average score is 55 of 69
Answer Stats
Years Movies Actors % Correct
2017 Dangal Aamir Khan
100%
2016 Bajirao Mastani Aamir Khan
100%
2002 Lagaan Aamir Khan
100%
1997 Raja Hindustani Aamir Khan
100%
2022 83 Ranveer Singh
100%
2020 Gully Boy Ranveer Singh
100%
2024 Animal Ranbir Kapoor
97%
2019 Sanju Ranbir Kapoor
97%
2013 Barfi Ranbir Kapoor
97%
2012 Rockstar Ranbir Kapoor
97%
2011 My Name Is Khan Shah Rukh Khan
97%
2005 Swades Shah Rukh Khan
97%
2003 Devdas Shah Rukh Khan
97%
1999 Kuch Kuch Hota Hai Shah Rukh Khan
97%
1998 Dil Toh Pagal Hai Shah Rukh Khan
97%
1996 Dilwale Dulhania Le Jayenge Shah Rukh Khan
97%
1994 Baazigar Shah Rukh Khan
97%
2010 Paa Amitabh Bachchan
95%
2008 Chak De! India Amitabh Bachchan
95%
2006 Black Amitabh Bachchan
95%
1992 Hum Amitabh Bachchan
95%
1979 Don Amitabh Bachchan
95%
1978 Amar Akbar Anthony Amitabh Bachchan
95%
2009 Jodhaa Akbar Hrithik Roshan
95%
2007 Dhoom 2 Hrithik Roshan
95%
2004 Koi Mil Gaya Hrithik Roshan
95%
2001 Kaho Naa Pyaar Hai Hrithik Roshan
95%
1984 Masoom Naseeruddin Shah
92%
1982 Chakra Naseeruddin Shah
92%
1981 Aakrosh Naseeruddin Shah
92%
2015 Haider Shahid Kapoor
87%
2021 Angrezi Medium Irffan Khan
85%
2018 Hindi Medium Irffan Khan
85%
1974 Bobby Rishi Kapoor
82%
1993 Beta Anil Kapoor
79%
1989 Tezaab Anil Kapoor
79%
2014 Bhaag Milkha Bhaag Farhan Akhtar
79%
2000 Vaastav Sanjay Dutt
79%
2023 Badhaai Do Rajkummar Rao
74%
1983 Shakti Dilip Kumar
72%
1968 Ram Aur Shyam Dilip Kumar
72%
1965 Leader Dilip Kumar
72%
1961 Kohinoor Dilip Kumar
72%
1958 Naya Daur Dilip Kumar
72%
1957 Devdas Dilip Kumar
72%
1956 Azaad Dilip Kumar
72%
1954 Daag Dilip Kumar
72%
1967 Guide Dev Anand
69%
1959 Kala Pani Dev Anand
69%
1962 Jus Desh Mein Ganga Behti Hai Raj Kapoor
69%
1960 Anari Raj Kapoor
69%
1975 Aavishkar Rajesh Khanna
67%
1972 Anand Rajesh Khanna
67%
1971 Sachaa Jhutha Rajesh Khanna
67%
1969 Brahmachari Shammi Kapoor
67%
1977 Arjun Pandit Sanjeev Kumar
64%
1976 Aandhi Sanjeev Kumar
64%
1991 Ghayal Sunny Deol
64%
1980 Gol Maal Amol Palekar
59%
1966 Khandan Sunil Dutt
59%
1964 Mujhe Jeene Do Sunil Dutt
59%
1990 Parinda Jackie Shroff
56%
1995 Krantiveer Nana Patekar
56%
1985 Saaransh Anupam Kher
54%
1970 Aashirwad Ashok Kumar
54%
1963 Rakhi Ashok Kumar
54%
1973 Be-Imaan Manoj Kumar
49%
1955 Shri Chaitanya Mahaprabhu Bharat Bhushan
46%
1986 Saagar Kamal Haasan
46%
No matching quizzes found
Score Distribution
Percent of People with Each Score
Percentile by Number Answered
Your Score History
You have not taken this quiz